ბათუმის შოთა რუსთაველის სახელმწიფო უნივერსიტეტის ბიბლიოთეკა

ანტიკური ქვეყნების ისტორია : პუნიკური ომების ეპოქა : (ბიბ.ჩანაწერი № 56351)

000 -ლიდერი
ფიქსირებული სიგრძის საკონტროლო ველი 01157nam a2200241Ia 4500
001 - საკონტროლო ნომერი
საკონტროლო ველი 23464
003 - საკონტროლო ნომრის იდენტიფიკატორი
საკონტროლო ველი GE_BSU
005 - ბოლო ოპერაციის თარიღი და დრო
საკონტროლო ველი 20260127212408.0
008 - ფიქსირებული სიგრძის მონაცემთა ელემენტები - ზოგადი ინფორმაცია
ფიქსირებული სიგრძის საკონტროლო ველი 181216s1963||||ge |||||||||||||| ||geo||
040 ## - კატალოგიზაციის წყარო
Transcribing agency GE_BSU
041 ## - ენის კოდი
Language code of text/sound track or separate title geo
080 ## - უნივერსალური ათობითი კლასიფიკაციის ინდექსი
Universal Decimal Classification number 94(37/38)(075.8) ს-26
100 ## - მთავარი ჩანაწერი - პიროვნების სახელი
Personal name სანიკიძე, ლ.
9 (RLIN) 476
245 ## - ცნობა სათაურის შესახებ
Title ანტიკური ქვეყნების ისტორია : პუნიკური ომების ეპოქა :
Remainder of title დამხმ. სახელმძღვ. სტუდ-თვის /
Statement of responsibility, etc ლ. სანიკიძე ; რედ. ნ. ლომოური.
264 ## - წარმოების, გამოცემის, დისტრიბუციის და სხვა ცნობები
გამოცემის, წარმოების, დისტრიბუციის... ადგილი თბილისი :
გამოცემის, წარმოების, დისტრიბუციის... სახელწოდება ცოდნა,
გამოცემის, წარმოების, დისტრიბუციის... თარიღი 1963.
300 ## - ფიზიკური აღწერა
Extent 231გვ. :
Other physical details ილ. ;
Dimensions 22 სმ.
653 ## - INDEX TERM--UNCONTROLLED
Uncontrolled term ანტიკური ქვეყნების ისტორია
653 ## - INDEX TERM--UNCONTROLLED
Uncontrolled term ანტიკური ქვეყნების ისტორია : პუნიკური ომების ეპოქა
653 ## - INDEX TERM--UNCONTROLLED
Uncontrolled term პუნიკური ომები
700 ## - ADDED ENTRY--PERSONAL NAME
Personal name ლომოური, ნ.
Relator term რედაქტორი
9 (RLIN) 26745
942 ## - ADDED ENTRY ELEMENTS (KOHA)
Koha item type წიგნი
Source of classification or shelving scheme
ეგზემპლარები
ჩამოწერის სტატუსი დაკარგული ეგზემპლარის სტატუსი კლასიფიკაციის წყარო ან თაროზე გაწყობის სქემა დაზიანების სტატუსი არ გაიცემა მუდმივი მდებარეობა (დაცვის ადგილი) ამჟამინდელი ადგილსამყოფელი თაროზე განთავსების ადგილი შეძენის თარიღი ღირებულება, შესყიდვის ნორმალური ფასი სრული შენახვის შიფრი შტრიხკოდი ბოლო ოპერაციის თარიღი ეგზემპლარის მიმდევრობითი ნომერი (კეტერი?) ფასის ძალაში შესვლის თარიღი ეგზემპლარის სახეობა საჯარო შენიშვნა
          ბათუმის შოთა რუსთაველის სახელმწიფო უნივერსიტეტის მთავარი ბიბლიოთეკა ბათუმის შოთა რუსთაველის სახელმწიფო უნივერსიტეტის მთავარი ბიბლიოთეკა წიგნსაცავი 2018-12-17 0.74 94(37/38)(075.8) ს-26 28384 2018-12-17 28384 2018-12-17 წიგნი 0.74 ₾.